000 00402nam a2200121Ia 4500
008 160609s9999 xx 000 0 und d
100 _aWaters, Richard D.
245 _aPublic Relations In The Nonprofit Sector: Theory And Practice
245 _cBy:Richard D. Waters
260 _c2015
650 _xINTRODUCTION TO PUBLIC RELATIONS
856 _uhttp://file.ebook777.com/PubRelInTheNonSecTheAndPra.pdf
999 _c295628
_d295628